[Event "18eme open Louviers"]
[Site "?"]
[Date "2015.11.01"]
[Round "4"]
[White "Soriano, Manon"]
[Black "Hatton, Christian"]
[Result "1-0"]
[WhiteElo "1645"]
[BlackElo "1859"]
[PlyCount "73"]
[EventDate "2012.05.13"]
[SourceDate "2015.11.08"]

1. e4 d5 2. exd5 Nf6 3. d4 Nxd5 4. Bc4 Be6 5. Bb5+ c6 6. Ba4 Qa5+ 7. c3 Nd7 8.
Nf3 g6 9. O-O Bg7 10. Ng5 Bf5 11. Re1 O-O 12. g4 Bxb1 13. Rxb1 Rae8 14. b4 Qc7
15. Qf3 e5 16. b5 N7f6 17. bxc6 bxc6 18. Ba3 e4 19. Nxe4 Rxe4 20. Bxf8 Rxg4+
21. Kh1 Rf4 22. Qg3 Bxf8 23. c4 Nh5 24. Qh3 Ndf6 25. Bd1 Ne4 26. Rxe4 Rxe4 27.
Bxh5 Rxd4 28. Bf3 Rf4 29. Rd1 Rxc4 30. Rd7 Rc1+ 31. Kg2 Qb6 32. Be4 Bg7 33. Qf3
f5 34. Bd3 Qb8 35. Qe3 Ra1 36. Bc4+ Kh8 37. Re7 1-0

[Event "18eme open Louviers"]
[Site "?"]
[Date "2015.11.01"]
[Round "4"]
[White "Vappereau, Xavier"]
[Black "Troppee, Kevin"]
[Result "1-0"]
[WhiteElo "1691"]
[BlackElo "1270"]
[PlyCount "85"]
[EventDate "2012.05.13"]
[SourceDate "2015.11.08"]

1. d4 Nf6 2. c4 d5 3. Nc3 dxc4 4. Nf3 c6 5. a4 Bf5 6. e3 Bd3 7. Bxd3 cxd3 8.
Qxd3 g6 9. O-O Bg7 10. Rd1 O-O 11. Qc2 e6 12. b4 Nd5 13. Nxd5 Qxd5 14. Ba3 Rd8
15. Ne5 Nd7 16. e4 Qd6 17. b5 Qc7 18. Nf3 c5 19. Rac1 Rac8 20. dxc5 Nxc5 21.
Rxd8+ Rxd8 22. Qxc5 Qd7 23. Qc2 Bd4 24. Nxd4 Qxd4 25. Bb2 Qd7 26. Bf6 Re8 27.
Rd1 Qc8 28. Qxc8 Rxc8 29. f3 h6 30. Rd8+ Rxd8 31. Bxd8 f5 32. exf5 exf5 33. Kf2
Kf7 34. Ke3 a6 35. bxa6 bxa6 36. Kd4 Ke6 37. Kc5 Kd7 38. Bf6 Kc7 39. g4 fxg4
40. fxg4 h5 41. gxh5 gxh5 42. h3 Kb7 43. Be5 1-0

[Event "18eme open Louviers"]
[Site "?"]
[Date "2015.11.01"]
[Round "4"]
[White "Van Lingen, Guus"]
[Black "Naji, Nil"]
[Result "1/2-1/2"]
[WhiteElo "1590"]
[BlackElo "1675"]
[PlyCount "81"]
[EventDate "2012.05.13"]
[SourceDate "2015.11.08"]

1. e4 c5 2. Nf3 Nc6 3. Bc4 e6 4. c3 d5 5. exd5 exd5 6. Bb3 Nf6 7. d3 Be7 8. Bf4
O-O 9. h3 Re8 10. O-O Bf5 11. Re1 Qb6 12. Na3 a5 13. Rb1 c4 14. Bc2 Qa6 15. d4
Bxc2 16. Nxc2 b5 17. a3 Ne4 18. Nd2 Nxd2 19. Qxd2 Bf6 20. Rxe8+ Rxe8 21. Re1
Qa8 22. Rxe8+ Qxe8 23. Qe3 Qe6 24. Qf3 Kf8 25. Ne3 Ne7 26. Qg3 Ke8 27. Bd6 Nf5
28. Nxf5 Qxf5 29. Qe3+ Qe6 30. Bf4 Qxe3 31. Bxe3 Kd7 32. Kf1 Kc6 33. Ke2 a4 34.
f4 Kd7 35. g4 g6 36. Kf3 Ke6 37. g5 Bg7 38. h4 Kf5 39. Bd2 f6 40. Be3 h5 41.
Bd2 1/2-1/2

[Event "18eme open Louviers"]
[Site "?"]
[Date "2015.11.01"]
[Round "4"]
[White "Totain, Christian"]
[Black "Le Duc, Johann"]
[Result "0-1"]
[WhiteElo "1660"]
[BlackElo "1516"]
[PlyCount "80"]
[EventDate "2012.05.13"]
[SourceDate "2015.11.08"]

1. e4 d5 2. exd5 Nf6 3. Nc3 Nxd5 4. Nxd5 Qxd5 5. Nf3 e5 6. d3 Bf5 7. Nh4 Be6 8.
Nf3 Nc6 9. Be2 h6 10. O-O g5 11. Nd2 O-O-O 12. Ne4 Bg7 13. Be3 f5 14. Nc5 Bf7
15. f3 Nd4 16. Nb3 Rhe8 17. c4 Nxe2+ 18. Qxe2 Qxd3 19. Qxd3 Rxd3 20. Bxa7 b6
21. c5 Kb7 22. cxb6 cxb6 23. Rac1 Ra8 24. Nc5+ bxc5 25. Bxc5 Rxa2 26. b4 Rdd2
27. Rf2 Rxf2 28. Bxf2 e4 29. fxe4 fxe4 30. Rd1 Ra1 31. Rxa1 Bxa1 32. b5 Bc4 33.
b6 Bc3 34. Be3 Ba5 35. h4 Bxb6 36. Bxb6 Kxb6 37. hxg5 hxg5 38. Kf2 Kc5 39. Ke3
Bd3 40. g3 Kd5 0-1

[Event "18eme open Louviers"]
[Site "?"]
[Date "2015.11.01"]
[Round "4"]
[White "Josse, Sebastien"]
[Black "Blasco, David"]
[Result "1/2-1/2"]
[WhiteElo "1774"]
[BlackElo "1443"]
[PlyCount "40"]
[EventDate "2012.05.13"]
[SourceDate "2015.11.08"]

1. c4 e5 2. g3 Nc6 3. Bg2 f5 4. Nc3 Nf6 5. e3 Bb4 6. d4 Bxc3+ 7. bxc3 d6 8. Rb1
O-O 9. Ba3 Ne4 10. Qd3 Qf6 11. Ne2 Qf7 12. O-O Qh5 13. f4 Rf6 14. fxe5 dxe5 15.
Bxe4 fxe4 16. Rxf6 gxf6 17. Qc2 Bh3 18. Nc1 Na5 19. Qe2 Bg4 20. Qf1 Bh3 1/2-1/2

[Event "18eme open Louviers"]
[Site "?"]
[Date "2015.11.01"]
[Round "4"]
[White "Quevauvilliers, Philippe"]
[Black "Arinal, Serge"]
[Result "1-0"]
[WhiteElo "1448"]
[BlackElo "1652"]
[PlyCount "35"]
[EventDate "2012.05.13"]
[SourceDate "2015.11.08"]

1. e4 e6 2. Nf3 d5 3. exd5 exd5 4. d4 Bg4 5. Be2 Nf6 6. O-O Be7 7. Re1 O-O 8.
Ne5 Bxe2 9. Rxe2 c6 10. Nc3 Nbd7 11. Bf4 Re8 12. Qd3 Nh5 13. Qf5 Nhf6 14. Rae1
g6 15. Qh3 Nf8 16. Bh6 Ne6 17. Nxf7 Ng5 18. Nxg5 1-0

[Event "18eme open Louviers"]
[Site "?"]
[Date "2015.11.01"]
[Round "4"]
[White "Mallet, Guillaume"]
[Black "Roche, Jan-Francois"]
[Result "0-1"]
[WhiteElo "1333"]
[BlackElo "1526"]
[PlyCount "58"]
[EventDate "2012.05.13"]
[SourceDate "2015.11.08"]

1. e4 Nf6 2. Nc3 d5 3. exd5 Nxd5 4. Nxd5 Qxd5 5. d3 e5 6. c4 Qe6 7. g3 Bc5 8.
Be3 Bxe3 9. fxe3 Qc6 10. e4 O-O 11. Nf3 Bg4 12. Be2 Qb6 13. Qd2 Nc6 14. b3 Bxf3
15. Bxf3 Nd4 16. Rf1 a5 17. h4 a4 18. b4 c5 19. Rb1 cxb4 20. Rxb4 Qxb4 21. Qxb4
Nc2+ 22. Kf2 Nxb4 23. Be2 Nxa2 24. c5 Nc3 25. Bf3 a3 26. Rc1 a2 27. Ra1 Ra3 28.
Ke3 Rb3 29. Kd2 Rb1 0-1

[Event "18eme open Louviers"]
[Site "?"]
[Date "2015.11.01"]
[Round "4"]
[White "Cassiau, Kevin"]
[Black "Hauchard, Remi"]
[Result "1-0"]
[WhiteElo "1520"]
[BlackElo "1330"]
[PlyCount "111"]
[EventDate "2012.05.13"]
[SourceDate "2015.11.08"]

1. e4 e5 2. f4 exf4 3. Nf3 Bc5 4. d4 Bb6 5. Bc4 Qe7 6. O-O d6 7. Bxf4 Be6 8.
Bd3 Nf6 9. Kh1 O-O 10. h3 Nh5 11. Bh2 g6 12. Qe2 Qd7 13. g4 Bxg4 14. hxg4 Qxg4
15. Qg2 Qxg2+ 16. Kxg2 Nd7 17. a4 a5 18. Nc3 Ndf6 19. Rae1 Ng4 20. Bg3 Nxg3 21.
Kxg3 Nh6 22. Nd5 Kg7 23. Nxb6 cxb6 24. Rh1 Ng8 25. Rh2 h5 26. Rg1 Nf6 27. Rh4
Kh6 28. Kh3 Nh7 29. Nh2 g5 30. Ng4+ Kg6 31. e5+ f5 32. exf6+ Kf7 33. Rxh5 Nxf6
34. Rf1 Ke7 35. Rxg5 Rh8+ 36. Kg2 Nxg4 37. Rxg4 d5 38. Rh1 Rxh1 39. Kxh1 Rh8+
40. Kg2 Rh6 41. Rg7+ Kf6 42. Rxb7 Kg5 43. Rd7 Kf4 44. Rxd5 Ke3 45. Re5+ Kd2 46.
d5 Kc1 47. b3 Kb2 48. Kf3 Kc3 49. Ke4 Rh4+ 50. Kf5 Rh5+ 51. Ke6 Rh6+ 52. Kd7
Kd4 53. Re6 Kxd5 54. Rxh6 Kc5 55. c3 b5 56. Kc7 1-0

[Event "18eme open Louviers"]
[Site "?"]
[Date "2015.11.01"]
[Round "4"]
[White "Maraine, Louis Ermiyas"]
[Black "Grenet, Dominique"]
[Result "0-1"]
[WhiteElo "1010"]
[BlackElo "1458"]
[PlyCount "92"]
[EventDate "2012.05.13"]
[SourceDate "2015.11.08"]

1. f4 d5 2. b3 Nc6 3. Nf3 Bg4 4. e3 Nf6 5. Bb5 e6 6. Bb2 Be7 7. Bxc6+ bxc6 8.
O-O O-O 9. d3 c5 10. Nbd2 c6 11. Qe1 Bf5 12. Ne5 Qc7 13. e4 dxe4 14. dxe4 Bg6
15. Nxg6 fxg6 16. f5 exf5 17. exf5 Ng4 18. Nf3 Rxf5 19. Qc3 Bf6 20. Qc4+ Rd5
21. Bxf6 Nxf6 22. Ng5 Qe5 23. Nf3 Qe4 24. Qxe4 Nxe4 25. Rad1 Rad8 26. Rxd5 Rxd5
27. c4 Rd6 28. Re1 Nf6 29. Ng5 h6 30. Re6 Rd1+ 31. Kf2 hxg5 32. Rxc6 Rd2+ 33.
Ke3 Rxa2 34. Rxc5 Rxg2 35. Ra5 Rxh2 36. Rxa7 Rh3+ 37. Kd4 Rxb3 38. c5 Rb8 39.
c6 Kh7 40. Rb7 Rc8 41. Kc5 Ne4+ 42. Kb6 Nd6 43. Rd7 Ne8 44. c7 Nxc7 45. Rxc7
Rxc7 46. Kxc7 g4 0-1

[Event "18eme open Louviers"]
[Site "?"]
[Date "2015.11.01"]
[Round "4"]
[White "Varigault, Nicole"]
[Black "Hauchard, Goran"]
[Result "1-0"]
[WhiteElo "1230"]
[BlackElo "1110"]
[PlyCount "37"]
[EventDate "2012.05.13"]
[SourceDate "2015.11.08"]

1. e4 e5 2. Nc3 Nf6 3. Bc4 Bc5 4. h3 Nc6 5. Nf3 O-O 6. O-O Re8 7. d3 d6 8. Bg5
h6 9. Bh4 a6 10. Nd5 b5 11. Nxf6+ gxf6 12. Bd5 Be6 13. Bxc6 Re7 14. Bxa8 Qxa8
15. Bxf6 Rd7 16. b3 Bd4 17. Nxd4 exd4 18. Qc1 c5 19. Qxh6 1-0

[Event "18eme open Louviers"]
[Site "?"]
[Date "2015.11.01"]
[Round "4"]
[White "Bekkaye, Mohammed"]
[Black "Voegele, Francois-Marie"]
[Result "1-0"]
[WhiteElo "1487"]
[BlackElo "1160"]
[PlyCount "101"]
[EventDate "2012.05.13"]
[SourceDate "2015.11.08"]

1. e4 c5 2. Nf3 d6 3. d4 cxd4 4. Nxd4 Bd7 5. Nc3 Nc6 6. Be3 Nf6 7. Bc4 e6 8.
Bb3 Be7 9. O-O O-O 10. f4 e5 11. fxe5 dxe5 12. Nf5 Bxf5 13. exf5 Qxd1 14. Raxd1
a6 15. h3 Rad8 16. g4 Rxd1 17. Rxd1 Rd8 18. Rxd8+ Bxd8 19. Kf2 g6 20. fxg6 hxg6
21. Bg5 Kg7 22. Be3 Be7 23. g5 Nd7 24. a3 Nc5 25. Bd5 Nd7 26. Kf3 f6 27. gxf6+
Nxf6 28. Be6 Nd4+ 29. Bxd4 exd4 30. Ne2 Bc5 31. Bc8 a5 32. Bxb7 g5 33. Ng3 Nd7
34. Ke4 Kf6 35. Ne2 Ke6 36. Bc8 Kd6 37. Bxd7 Kxd7 38. Nxd4 Ke7 39. Nc6+ Ke6 40.
Nxa5 Bb6 41. Nc4 Bd8 42. b4 Bf6 43. b5 Bh8 44. b6 Bf6 45. b7 Be7 46. b8=Q Bc5
47. Qc8+ Kf6 48. Qxc5 Kg6 49. Qf5+ Kh6 50. Ne5 Kh5 51. Qh7# 1-0

[Event "18eme open Louviers"]
[Site "?"]
[Date "2015.11.01"]
[Round "4"]
[White "Defranoux, Pascal"]
[Black "Marie, Isabelle"]
[Result "1/2-1/2"]
[WhiteElo "1290"]
[BlackElo "1112"]
[PlyCount "144"]
[EventDate "2012.05.13"]
[SourceDate "2015.11.08"]

1. e4 c5 2. c4 Nc6 3. Be2 e5 4. Nf3 d6 5. d3 Nd4 6. O-O Nxe2+ 7. Qxe2 h6 8. Be3
Be7 9. Ne1 Nf6 10. f3 Bd7 11. Nc3 a6 12. a3 b5 13. Nd5 Nxd5 14. exd5 Bg5 15.
Bf2 O-O 16. g3 f5 17. h4 Bf6 18. Ng2 g5 19. Qd2 Kg7 20. Be3 Rh8 21. Kf2 gxh4
22. Rh1 Bg5 23. f4 hxg3+ 24. Kxg3 Bf6 25. Kf2 e4 26. Ke2 Qe8 27. Rae1 Qg6 28.
Reg1 Kf7 29. Kd1 Qh7 30. Ne1 Bd4 31. Kc2 Bxe3 32. Qxe3 exd3+ 33. Nxd3 Rae8 34.
Qd2 bxc4 35. Nc1 Rhg8 36. Rg5 Rxg5 37. fxg5 h5 38. Qg2 f4+ 39. Kd2 Qe4 40. g6+
Qxg6 41. Qxg6+ Kxg6 42. Ne2 f3 43. Rg1+ Kf5 44. Ng3+ Kg5 45. Ne4+ Kf5 46. Ng3+
Kg5 47. Ne4+ Kf4 48. Nxd6 Re2+ 49. Kc1 Bb5 50. Rh1 Kg4 51. Nf7 h4 52. Rg1+ Rg2
53. Nh6+ Kg3 54. Nf5+ Kf2 55. Rh1 Rg1+ 56. Rxg1 Kxg1 57. Nxh4 f2 58. Nf3+ Kg2
59. Nd2 f1=Q+ 60. Nxf1 Kxf1 61. Kd2 Bd7 62. Kc3 Bb5 63. a4 Bxa4 64. Kxc4 Bd7
65. Kxc5 Ke2 66. b4 Kd3 67. d6 Kc3 68. Kb6 Kxb4 69. Kxa6 Kc4 70. Kb6 Kd5 71.
Kc7 Ke6 72. Kb6 Kxd6 1/2-1/2

[Event "18eme open Louviers"]
[Site "?"]
[Date "2015.11.01"]
[Round "5"]
[White "Joslin, Jerome"]
[Black "Boursier, Xavier"]
[Result "1-0"]
[WhiteElo "2072"]
[BlackElo "1996"]
[PlyCount "33"]
[EventDate "2012.05.13"]
[SourceDate "2015.11.11"]

1. d4 e6 2. c4 f5 3. Nc3 Nf6 4. e3 d5 5. Bd3 c6 6. cxd5 exd5 7. Qc2 Ne4 8. Nge2
Bd6 9. O-O O-O 10. f3 Nxc3 11. bxc3 g6 12. Bb2 c5 13. c4 Nc6 14. dxc5 Be5 15.
Bxe5 Nxe5 16. Rad1 d4 17. exd4 1-0

[Event "18eme open Louviers"]
[Site "?"]
[Date "2015.11.01"]
[Round "5"]
[White "Lacour, Cedric"]
[Black "Vincent, Didier"]
[Result "1-0"]
[WhiteElo "1886"]
[BlackElo "2024"]
[PlyCount "78"]
[EventDate "2012.05.13"]
[SourceDate "2015.11.11"]

1. e4 d6 2. d4 Nf6 3. Nc3 Nbd7 4. Nf3 e5 5. g4 h6 6. g5 hxg5 7. Bxg5 c6 8. Qd2
Be7 9. O-O-O Qc7 10. h4 b5 11. Bd3 Bb7 12. Ne2 O-O-O 13. Ng3 g6 14. Qc3 a6 15.
Qb3 Rh7 16. Bxf6 Bxf6 17. Ng5 Bxg5+ 18. hxg5 Rdh8 19. Rxh7 Rxh7 20. dxe5 dxe5
21. Be2 c5 22. Bg4 Bc6 23. Bxd7+ Bxd7 24. Qd5 Bc6 25. Qxc5 Rh4 26. Rd6 Bb7 27.
Qxe5 Bc6 28. Qc5 Kb7 29. Rf6 Rf4 30. Rxf4 Qxf4+ 31. Qe3 Qe5 32. f4 Qe6 33. a3
a5 34. Qb3 Qe7 35. e5 a4 36. Qb4 Qe6 37. Ne4 Bxe4 38. Qxe4+ Kb6 39. Qd4+ Kc6 {
Derniers coups illisibles} 1-0

[Event "18eme open Louviers"]
[Site "?"]
[Date "2015.11.01"]
[Round "5"]
[White "Le Duc, Johann"]
[Black "Garcia, Adrien"]
[Result "0-1"]
[WhiteElo "1516"]
[BlackElo "1908"]
[PlyCount "48"]
[EventDate "2012.05.13"]
[SourceDate "2015.11.11"]

1. e4 Nc6 2. d4 d5 3. Nc3 Nf6 4. e5 Ne4 5. Nxe4 dxe4 6. c3 Bf5 7. f3 Qd5 8. Qb3
Qxb3 9. axb3 O-O-O 10. Bb5 Kb8 11. Be3 e6 12. Bxc6 bxc6 13. Kf2 c5 14. Ra4 cxd4
15. Rxd4 Rxd4 16. Bxd4 c5 17. Be3 exf3 18. Nxf3 Bc2 19. Ng5 Be7 20. Nf3 Bxb3
21. Nd2 Bd5 22. c4 Bb7 23. Ra1 f5 24. Nb3 Rd8 0-1

[Event "18eme open Louviers"]
[Site "?"]
[Date "2015.11.01"]
[Round "5"]
[White "Abdat, Rachid"]
[Black "Vappereau, Xavier"]
[Result "1/2-1/2"]
[WhiteElo "1900"]
[BlackElo "1681"]
[PlyCount "66"]
[EventDate "2012.05.13"]
[SourceDate "2015.11.11"]

1. d4 Nf6 2. Nf3 g6 3. Nbd2 d5 4. c4 e6 5. Qc2 Bg7 6. e3 O-O 7. b3 Nbd7 8. Bb2
c5 9. Be2 b6 10. O-O Bb7 11. Rad1 Qc7 12. Bd3 dxc4 13. bxc4 Rac8 14. Ne5 Nxe5
15. dxe5 Ng4 16. Be4 Bxe4 17. Qxe4 Nxe5 18. Bxe5 Qxe5 19. Qxe5 Bxe5 20. Nf3 Bc7
21. Rd7 Rfd8 22. Rfd1 Rxd7 23. Rxd7 Rd8 24. Rxd8+ Bxd8 25. Kf1 Bc7 26. Ke2 Kf8
27. Kd3 Ke7 28. g4 h6 29. h4 f6 30. Nd2 g5 31. h5 f5 32. f3 fxg4 33. fxg4 e5
1/2-1/2

[Event "18eme open Louviers"]
[Site "?"]
[Date "2015.11.01"]
[Round "5"]
[White "Naji, Nil"]
[Black "Soriano, Manon"]
[Result "1/2-1/2"]
[WhiteElo "1675"]
[BlackElo "1645"]
[PlyCount "66"]
[EventDate "2012.05.13"]
[SourceDate "2015.11.11"]

1. e4 c5 2. Nf3 Nc6 3. Nc3 d6 4. Bb5 g6 5. d4 cxd4 6. Qxd4 Nf6 7. e5 Nh5 8. g4
Ng7 9. exd6 Qxd6 10. Qxd6 exd6 11. Nd5 Ne6 12. O-O Bg7 13. Rd1 Bd7 14. g5 a6
15. Nb6 Rd8 16. Nxd7 Rxd7 17. Ba4 b5 18. Bb3 O-O 19. a4 Ncd4 20. Nxd4 Nxd4 21.
axb5 axb5 22. Be3 Nxb3 23. cxb3 Bxb2 24. Ra6 d5 25. Rb6 d4 26. Rxb5 Re8 27. Bc1
Bc3 28. Bd2 Bxd2 29. Rxd2 Re1+ 30. Kg2 d3 31. Kf3 Re8 32. Rc5 Rb8 33. Rc3 Rbd8
1/2-1/2

[Event "18eme open Louviers"]
[Site "?"]
[Date "2015.11.01"]
[Round "5"]
[White "Bailly, Thierry"]
[Black "Van Lingen, Guus"]
[Result "1/2-1/2"]
[WhiteElo "1624"]
[BlackElo "1590"]
[PlyCount "62"]
[EventDate "2012.05.13"]
[SourceDate "2015.11.11"]

1. e4 e5 2. Nf3 Nf6 3. Nc3 Bb4 4. d3 d6 5. Be2 h6 6. a3 Bc5 7. Na4 Nbd7 8. Nxc5
Nxc5 9. Be3 Ne6 10. c3 O-O 11. O-O b6 12. Qc2 Bb7 13. Rac1 Rc8 14. Rfd1 c5 15.
c4 Qe7 16. Nh4 Nh7 17. Nf5 Qd8 18. Qd2 Rc7 19. f4 Bc8 20. Ng3 exf4 21. Bxf4
Nxf4 22. Qxf4 Qf6 23. Qxf6 Nxf6 24. Rf1 Re7 25. Nf5 Bxf5 26. Rxf5 Rfe8 27. Rcf1
Re5 28. Bd1 Rxf5 29. Rxf5 Re7 30. Kf2 Nd7 31. Rd5 Re6 1/2-1/2

[Event "18eme open Louviers"]
[Site "?"]
[Date "2015.11.01"]
[Round "5"]
[White "Hatton, Christian"]
[Black "Quevauvilliers, Philippe"]
[Result "1-0"]
[WhiteElo "1859"]
[BlackElo "1448"]
[PlyCount "31"]
[EventDate "2012.05.13"]
[SourceDate "2015.11.11"]

1. d4 d5 2. c4 b6 3. cxd5 Qxd5 4. Nc3 Qd8 5. e4 Nc6 6. Be3 Nf6 7. Bb5 Bd7 8. e5
Ng4 9. Bxc6 Bxc6 10. Qxg4 e6 11. Nf3 h6 12. O-O Qe7 13. Rad1 O-O-O 14. d5 f5
15. exf6 Qxf6 16. dxc6 1-0

[Event "18eme open Louviers"]
[Site "?"]
[Date "2015.11.01"]
[Round "5"]
[White "Roche, Jan-Francois"]
[Black "Blasco, David"]
[Result "1/2-1/2"]
[WhiteElo "1526"]
[BlackElo "1443"]
[PlyCount "55"]
[EventDate "2012.05.13"]
[SourceDate "2015.11.11"]

1. Nf3 Nf6 2. b3 d5 3. Bb2 Bf5 4. e3 e6 5. Be2 Bd6 6. O-O Nbd7 7. d4 Ne4 8.
Nbd2 g5 9. Ne5 Qe7 10. Bg4 Nxd2 11. Qxd2 Bxg4 12. Nxg4 h5 13. Ne5 O-O-O 14. Qa5
Kb8 15. Rac1 a6 16. c4 Bb4 17. Nxd7+ Rxd7 18. Qa4 c6 19. c5 a5 20. Bc3 Bxc3 21.
Rxc3 Qd8 22. Rb1 h4 23. b4 axb4 24. Rxb4 f5 25. Ra3 Qc8 26. Qa8+ Kc7 27. Qa5+
Kb8 28. Qa8+ (28. Qa7+ Kc7 29. Qb6+ Kb8 30. Rba4 {Mat au coup suivant.})
1/2-1/2

[Event "18eme open Louviers"]
[Site "?"]
[Date "2015.11.01"]
[Round "5"]
[White "Troppee, Kevin"]
[Black "Cassiau, Kevin"]
[Result "0-1"]
[WhiteElo "1270"]
[BlackElo "1520"]
[PlyCount "57"]
[EventDate "2012.05.13"]
[SourceDate "2015.11.11"]

1. c4 Nf6 2. Nc3 e6 3. d4 d5 4. e3 c5 5. a3 Nc6 6. Nf3 Qc7 7. cxd5 cxd4 8. Nxd4
Nxd4 9. Qxd4 Bc5 10. Bb5+ Ke7 11. Qc4 a6 12. d6+ Qxd6 13. O-O axb5 14. Nxb5 Qd5
15. Qc2 Qc6 16. Nc3 Rd8 17. Rd1 Rxd1+ 18. Qxd1 Qd7 19. Qc2 b6 20. Bd2 Bb7 21.
b4 Bxb4 22. Nd5+ Nxd5 23. Rc1 Bxd2 24. Qxd2 Rc8 25. e4 Rxc1+ 26. Qxc1 Nc3 27.
h3 Qd1+ 28. Qxd1 Nxd1 29. g4 0-1

[Event "18eme open Louviers"]
[Site "?"]
[Date "2015.11.01"]
[Round "5"]
[White "Grenet, Dominique"]
[Black "Pineau, Patrick"]
[Result "0-1"]
[WhiteElo "1458"]
[BlackElo "1428"]
[PlyCount "66"]
[EventDate "2012.05.13"]
[SourceDate "2015.11.11"]

1. e4 e5 2. d4 exd4 3. Qxd4 d6 4. Nf3 Nf6 5. Bg5 Nbd7 6. Nc3 Be7 7. O-O-O O-O
8. h3 c5 9. Qd2 b6 10. Bd3 a6 11. Nd5 Nxd5 12. exd5 f6 13. Bh4 g5 14. Bg3 Rf7
15. h4 Rg7 16. hxg5 fxg5 17. Qe3 Nf6 18. Nxg5 Nxd5 19. Bc4 Rxg5 20. Bxd5+ Rxd5
21. Rxd5 Bf6 22. Rxd6 Qf8 23. Qe4 Ra7 24. Kb1 Re7 25. Qc4+ Kh8 26. Qd3 Bd4 27.
c3 Bf5 28. Rxd4 cxd4 29. Kc1 Bxd3 30. Kd2 Qf5 31. f3 Re2+ 32. Kd1 Rxg2 33. Be1
Qxf3+ 0-1

[Event "18eme open Louviers"]
[Site "?"]
[Date "2015.11.01"]
[Round "5"]
[White "Mergen, Bat"]
[Black "Totain, Christian"]
[Result "1-0"]
[WhiteElo "1399"]
[BlackElo "1660"]
[PlyCount "93"]
[EventDate "2012.05.13"]
[SourceDate "2015.11.11"]

1. d4 Nf6 2. c4 g6 3. Nc3 Bg7 4. e4 d6 5. Bd3 O-O 6. Nge2 Nc6 7. a3 Bg4 8. f3
Bc8 9. Be3 e5 10. d5 Ne7 11. O-O Nd7 12. f4 f5 13. fxe5 Nxe5 14. Nd4 Nxd3 15.
Qxd3 fxe4 16. Nxe4 Nf5 17. Ne6 Bxe6 18. dxe6 Qe7 19. Bg5 Qxe6 20. Rae1 Qd7 21.
Bc1 Qc6 22. Ng5 Rfe8 23. b4 Rxe1 24. Rxe1 h6 25. Nf3 a6 26. Re6 Kh7 27. g4 Rf8
28. gxf5 Rxf5 29. Nh4 Re5 30. Qxg6+ Kh8 31. Nf5 Qd7 32. Nxg7 Qxg7 33. Qxg7+
Kxg7 34. Rxe5 dxe5 35. Kf2 h5 36. Ke3 Kf6 37. Ke4 Ke6 38. Bb2 c6 39. Bxe5 b6
40. h4 b5 41. c5 Kf7 42. Kf5 Kg8 43. Ke6 Kf8 44. Bf6 Ke8 45. Kd6 Kf7 46. Bg5
Ke8 47. Kxc6 1-0

[Event "18eme open Louviers"]
[Site "?"]
[Date "2015.11.01"]
[Round "5"]
[White "Arinal, Serge"]
[Black "Josse, Sebastien"]
[Result "0-1"]
[WhiteElo "1652"]
[BlackElo "1774"]
[PlyCount "70"]
[EventDate "2012.05.13"]
[SourceDate "2015.11.11"]

1. Nf3 c5 2. c4 Nf6 3. Nc3 d6 4. g3 g6 5. Bg2 Bg7 6. Ng5 O-O 7. O-O Nc6 8. Nge4
Be6 9. d3 Qc8 10. Nxf6+ Bxf6 11. Ne4 Bg7 12. Ng5 Bg4 13. f3 Bd7 14. a3 Rb8 15.
Rb1 b5 16. cxb5 Rxb5 17. Qa4 Nd4 18. Qd1 Qb8 19. b4 a5 20. e3 Nc6 21. Bd2 axb4
22. axb4 Nxb4 23. Bxb4 Rxb4 24. Qc2 Ba4 25. Qa2 Bb3 26. Qd2 Qb6 27. f4 e6 28.
Bf3 Rb8 29. Ne4 d5 30. Nf2 Ra8 31. Kg2 Ra2 32. Qe1 Qb5 33. Kh3 Rc2 34. e4 Bc3
35. Qe3 d4 0-1

[Event "18eme open Louviers"]
[Site "?"]
[Date "2015.11.01"]
[Round "5"]
[White "Varigault, Nicole"]
[Black "Bekkaye, Mohammed"]
[Result "0-1"]
[WhiteElo "1230"]
[BlackElo "1487"]
[PlyCount "68"]
[EventDate "2012.05.13"]
[SourceDate "2015.11.11"]

1. e4 d6 2. d4 Nf6 3. Nc3 Nbd7 4. Nf3 e5 5. d5 Be7 6. Be3 O-O 7. Bd3 Ng4 8. Bd2
Nc5 9. Bc4 f5 10. b4 Nxe4 11. Nxe4 fxe4 12. O-O exf3 13. gxf3 Nf6 14. Kh1 a6
15. Rg1 b5 16. Bb3 Bb7 17. Bh6 Rf7 18. c4 bxc4 19. Bxc4 Qd7 20. Rg3 Nh5 21. Rg4
Nf4 22. Bf1 Kh8 23. Bg5 Bxg5 24. Rxg5 Raf8 25. Rg3 Bxd5 26. Qc2 c6 27. Bg2 Nxg2
28. Kxg2 Rxf3 29. Rg1 Rc3+ 30. Kf1 Rxc2 31. Ke1 Rc1+ 32. Kd2 Rxg1 33. Rxg1
Rxf2+ 34. Ke3 Qf5 0-1

[Event "18eme open Louviers"]
[Site "?"]
[Date "2015.11.01"]
[Round "5"]
[White "Hauchard, Goran"]
[Black "Mallet, Guillaume"]
[Result "0-1"]
[WhiteElo "1110"]
[BlackElo "1333"]
[PlyCount "70"]
[EventDate "2012.05.13"]
[SourceDate "2015.11.11"]

1. e4 e5 2. Nf3 Nc6 3. d3 Bc5 4. Nc3 d6 5. Be2 h6 6. O-O Nge7 7. Re1 f5 8. h3
Be6 9. a3 Qd7 10. Rb1 f4 11. b4 Bd4 12. Nxd4 Nxd4 13. Bh5+ g6 14. Be2 O-O-O 15.
Bf3 h5 16. Nd5 Bxd5 17. exd5 Nef5 18. Be4 g5 19. f3 Ng3 20. c3 Nb5 21. c4 Nc3
22. Qc2 Nxb1 23. Qxb1 g4 24. Kf2 gxh3 25. d4 h2 26. Bf5 Qxf5 27. Qxf5+ Nxf5 28.
Rh1 Nxd4 29. a4 Nb3 30. Bb2 Rde8 31. b5 e4 32. fxe4 Rxe4 33. Kf3 Nd2+ 34. Kf2
Rhe8 35. Bf6 Re2# 0-1

[Event "18eme open Louviers"]
[Site "?"]
[Date "2015.11.01"]
[Round "5"]
[White "Hauchard, Remi"]
[Black "Maraine, Louis Ermiyas"]
[Result "1-0"]
[WhiteElo "1330"]
[BlackElo "1010"]
[PlyCount "61"]
[EventDate "2012.05.13"]
[SourceDate "2015.11.11"]

1. e4 c5 2. Nf3 d6 3. d4 cxd4 4. c3 dxc3 5. Nxc3 Nf6 6. e5 dxe5 7. Qxd8+ Kxd8
8. Nxe5 g6 9. Nxf7+ Ke8 10. Nxh8 Bg7 11. Nxg6 Nc6 12. Nf4 Bd7 13. Bd3 Rb8 14.
O-O a6 15. Nfd5 Ng8 16. Bxh7 Nh6 17. Bxh6 Bxh6 18. f4 b5 19. Ne4 Be6 20. Nc7+
Kd7 21. Nxe6 Kxe6 22. Ng5+ Kf6 23. Rac1 Nd4 24. Bd3 e5 25. Ne4+ Kg7 26. Rc7+
Kf8 27. fxe5+ Kg8 28. Nf6+ Kf8 29. Ng4+ Kg8 30. Nxh6+ Kh8 31. Rh7# 1-0

[Event "18eme open Louviers"]
[Site "?"]
[Date "2015.11.01"]
[Round "5"]
[White "Voegele, Francois-Marie"]
[Black "Defranoux, Pascal"]
[Result "0-1"]
[WhiteElo "1160"]
[BlackElo "1290"]
[PlyCount "86"]
[EventDate "2012.05.13"]
[SourceDate "2015.11.11"]

1. f4 d5 2. e3 Nf6 3. Nf3 e6 4. Be2 Nbd7 5. O-O Bd6 6. Nc3 c6 7. d3 b5 8. a3
Qb6 9. Kh1 O-O 10. Bd2 Bc5 11. d4 Bd6 12. b4 Ne4 13. Be1 Ndf6 14. Bd2 Qd8 15.
Be1 Ng4 16. h3 Nxe3 17. Qc1 Nxf1 18. Bxf1 Qf6 19. Be2 Nxc3 20. Bxc3 Bxf4 21.
Qd1 Bd7 22. Bd3 Qh6 23. Bf1 f6 24. Qe1 g5 25. g3 Bd6 26. Bd2 Qg6 27. Bd3 Qg7
28. g4 h6 29. Kg2 f5 30. gxf5 exf5 31. c3 g4 32. hxg4 Qxg4+ 33. Kf2 Bg3+ 34.
Kg2 Bxe1+ 35. Kf1 Bxd2 36. Nxd2 f4 37. Be2 Qh3+ 38. Ke1 Rae8 39. Kd1 Qxc3 40.
Ra2 Re3 41. Nf3 Rxe2 42. Kxe2 Qe3+ 43. Kf1 Bh3+ 0-1

[Event "18eme open Louviers"]
[Site "?"]
[Date "2015.11.01"]
[Round "6"]
[White "Soriano, Manon"]
[Black "Joslin, Jerome"]
[Result "1/2-1/2"]
[WhiteElo "1645"]
[BlackElo "2072"]
[PlyCount "85"]
[EventDate "2012.05.13"]
[SourceDate "2015.11.11"]

1. e4 e5 2. Nf3 Nc6 3. d4 exd4 4. Bc4 Nf6 5. O-O Nxe4 6. Re1 d5 7. Bxd5 Qxd5 8.
Nc3 Qa5 9. Nxe4 Be6 10. Neg5 O-O-O 11. Nxe6 fxe6 12. Rxe6 Bd6 13. Qe2 h6 14.
Bd2 Qh5 15. h3 Rhf8 16. Nxd4 Qxe2 17. Nxe2 Bh2+ 18. Kxh2 Rxd2 19. f3 Rxc2 20.
b3 Rd8 21. a4 Rdd2 22. Re1 g5 23. f4 gxf4 24. Nxf4 b6 25. Ne2 Nb4 26. Nf4 Nc6
27. Ne2 Kb7 28. h4 h5 29. Re3 a5 30. Kg3 Nd4 31. Nxd4 Rxd4 32. Kh3 Rb2 33. Rf1
Rb4 34. Rff3 Rb1 35. g3 Rb2 36. Rd3 Rb1 37. Kg2 Re4 38. Rfe3 Rb2+ 39. Kf3 Rb4
40. Rc3 c5 41. Re7+ Ka6 42. Ree3 Kb7 43. Re7+ 1/2-1/2